000 00752cab a2200229 4500
001 WB2849-01
008 090401t1992 xxu||||| |||| 00| 0 eng d
035 _a(Sirsi) u44314
041 _aeng
245 _aExcess of electronic auctions
260 _c1992
350 _a0
490 _aFarmers' Weekly
_v117(25) 18 December 1992, 8(1)
520 _aGrowing competition in the electronic auctions field has driven the Midland franchise EASE into liquidation, suggesting that the market has now reached full or over capacity.
650 _aELECTRONIC AUCTIONS
650 _aLIVESTOCK AUCTIONS
650 _aMIDLAND ELECTRONIC AUCTION TEAM
690 _aAuctioneering
_96218
690 _aRURAL PRACTICE
942 _n0
948 _c04/03/1997
999 _c28230
_d28230